|
|
|
|
| LEADER |
00000nam2a2200000 4500 |
| 001 |
145017 |
| 005 |
20231031143912.0 |
| 035 |
|
|
|a (RuTPU)RU\TPU\book\157172
|
| 035 |
|
|
|a RU\TPU\book\88970
|
| 090 |
|
|
|a 145017
|
| 100 |
|
|
|a 20081011d1967 k y0rusy50 ca
|
| 101 |
1 |
|
|a rus
|
| 102 |
|
|
|a RU
|
| 105 |
|
|
|a a z 100zy
|
| 200 |
0 |
|
|a Т. 1
|
| 210 |
|
|
|d 1967
|
| 215 |
|
|
|a 300 с.
|c ил.
|
| 461 |
|
1 |
|0 (RuTPU)RU\TPU\book\94413
|t Нефть и море
|o труды I международного конгресса, 12-20 мая 1965 г., г. Монте-Карло (Монако)
|o [перевод]
|f под ред. Н. С. Тимофеева ; И. Н. Кулиева
|v Т. 1
|d 1967-1968
|
| 610 |
1 |
|
|a морские месторождения
|
| 610 |
1 |
|
|a нефть
|
| 610 |
1 |
|
|a добыча
|
| 610 |
1 |
|
|a метрология
|
| 610 |
1 |
|
|a волновой режим
|
| 610 |
1 |
|
|a морская геология
|
| 610 |
1 |
|
|a геофизика
|
| 610 |
1 |
|
|a морская разведка
|
| 610 |
1 |
|
|a бурение
|
| 610 |
1 |
|
|a технические средства
|
| 610 |
1 |
|
|a нефтедобыча
|
| 610 |
1 |
|
|a сборники
|
| 610 |
1 |
|
|a конференции
|
| 675 |
|
|
|a 622.323(063)
|v 3
|
| 675 |
|
|
|a 550.8(063)
|v 3
|
| 801 |
|
1 |
|a RU
|b 63413507
|c 20051006
|g PSBO
|
| 801 |
|
2 |
|a RU
|b 63413507
|c 20141023
|g PSBO
|
| 942 |
|
|
|c BK
|